Una propuesta de clasificación de las comunas del país: según criterios de riesgo biomédico y socio-económico para medir la vulnerabilidad infantil

Saved in:
Bibliografiske detaljer
Institution som forfatter: UNICEF (Author)
Format: Bog
Sprog:spansk
Udgivet: Santiago UNICEF 1991
Udgivelse:2a. ed
Fag:
Tags: Tilføj Tag
Ingen Tags, Vær først til at tagge denne postø!

MARC

LEADER 00000nam a2200000 a 4500
001 UCW6260
003 CL-VaPUC
008 911118e19910000CL |||||||||||||||||spa|d
082 0 4 |a 362.7086  |b UNI  |2 21 
110 2 |a UNICEF  |e author  |9 311296 
245 1 4 |a Una propuesta de clasificación de las comunas del país: según criterios de riesgo biomédico y socio-económico para medir la vulnerabilidad infantil 
250 |a 2a. ed 
300 |a 223 p 
942 |c BK 
945 |d 19911118 00:00:00 
260 |a Santiago  |b UNICEF  |c 1991 
650 0 |a Niños  |9 255605 
650 0 |a Condiciones sociales   |9 257278 
650 7 |a NUTRICION INFANTIL  |2 CL-VaPUC  |9 260383 
650 0 |a Aspectos sociales  |9 254894 
651 7 |a CHILE  |2 CL-VaPUC  |9 311297 
583 |a last modification  |c 19911118 00:00:00  |k Rodrigo Vera 
999 |c 219390  |d 219388 
952 |0 0  |1 0  |4 0  |6 362_708600000000000_UNI_1991  |7 0  |8 P  |9 210282  |a BIBEDU  |b BIBEDU  |c BIBEDU_PB  |d 2019-11-15  |i 2783517  |o 362.7086 UNI 1991  |p 2783517  |r 2024-01-25  |w 2019-11-15  |y BK  |k EDU 
952 |0 0  |1 0  |4 0  |6 362_708600000000000_UNI_1991  |7 0  |8 P  |9 210283  |a BIBEDU  |b BIBEDU  |c BIBEDU_PB  |d 2019-11-15  |i 2783525  |o 362.7086 UNI 1991  |p 2783525  |r 2024-01-25  |w 2019-11-15  |y BK  |k EDU 
952 |0 0  |1 0  |4 0  |6 362_708600000000000_UNI_1991  |7 0  |8 P  |9 210284  |a BIBEDU  |b BIBEDU  |c BIBEDU_PB  |d 2019-11-15  |i 2783533  |o 362.7086 UNI 1991  |p 2783533  |r 2024-01-25  |w 2019-11-15  |y BK  |k EDU 
952 |0 0  |1 0  |4 0  |6 362_708600000000000_UNI_1991  |7 0  |8 P  |9 210285  |a BIBEDU  |b BIBEDU  |c BIBEDU_PB  |d 2019-11-15  |i 3457702  |o 362.7086 UNI 1991  |p 3457702  |r 2024-01-25  |w 2019-11-15  |y BK  |k BME